000
00323 a2200157 4500
001
187873
020
_a
040
_c
Magnum
100
_a
Veiga, José J.
240
1
0
_a
A hora dos ruminantes
_l
por
245
1
0
_a
A hora dos ruminantes
300
_a
102
362
0
_a
1983
697
_a
LITERATURA GERAL
942
_c
BK
999
_c
187873
_d
187873